000 00269nam a2200097Ia 4500
001 1290390
005 20260417164514.0
008 260417s9999 xx 000 0 und d
245 0 _aLEVENT KEÇİLERİN TAKİPÇİSİ
_cMUSTAFA ORAKÇI
260 _bTİMAŞ ÇOCUK YAYINLARI
999 _c1290390
_d1290390